zpět

Detail výsledku týmu

U Lucerny ČT, Brno

Datum a čas kvízu

24 Celkem bodů Celkový počet nahraných bodů na tomto kvízu bez doplňovacích otázek.
6. Pořadí na kvízu Konečné umístění týmu na tomto kvízu.

Zaznamenané odpovědi

# Otázka Odpověď Body Výsledky
1. Vicepremiér Karel Havlíček, kt... Ropák roku 1
2. Jak se nazývá evropská země, k... Island 0
3. Minulý týden byl zveřejněn prv... Václav Neužil 0
4. Letecký dopravce easyJet v čer... Barcelona 0
5. V sobotu odstartoval v Brestu... Petr Vakoč 1
6. Toto téma vyhrálo minulý týden... gelato, sladoled 1
7. Jedna z nejoblíbenějších přích... stracciatella 1
8. Šmoulová zmrzlina je oblíbená... Belgie 0
9. Doplňte chybějící slovo do rek... tvarohová 1
10. Jeden z prvních dlouhometrážní... Nanuk 0